000 00741nam a2200253Ia 4500
003 OSt
005 20220925214709.0
006 a|||||r|||| 00| 0
007 ta
008 220923b |||||||| |||| 00| 0 eng d
037 _cGeneral Book
040 _aRTL
_cRTL
_beng
041 _2eng
_aeng
082 _aV53:194(MV45).5.L9, G5
100 _aManwaring G E
_9280966
245 0 _aFloating Republic
260 _aLondon
_bFrank Cass
_c1935
300 _axii, 299p
_ccm.
500 _aBibliography: P 288-90; Appendices: P 262-87
650 _aEurope History
_914786
700 _a Dobree Bonamy
942 _hV53:194(MV45).5.L9, G5
_cGB
_2CC
999 _c566316
_d566316